Errate die Abkürzungen #2 - Statistiken

Allgemein
  • Dieses Quiz wurde 968 mal gespielt
  • Das Durchschnittsergebnis liegt bei 17 aus 28
Antwortstatistiken
Abkürzung Antwort % Korrekt
usw. Und so weiter
97%
WM Weltmeisterschaft
97%
Dr. Doktor
96%
g Gramm
96%
kg Kilogramm
96%
Mr. Mister
95%
EU Europäische Union
94%
mg Milligramm
94%
Bsp. Beispiel
93%
USA United States of America
86%
PKW Personen Kraft Wagen
83%
GG Good Game
71%
VIP Very Important Person
71%
Ufo Unbekanntes Flug Objekt
65%
GOAT Greatest of all Time
64%
ugs. Umgangssprachlich
64%
AFK Away from Keyboard
61%
WOW World of Warcraft
56%
LOL Laugh out Loud/League of Legends
48%
MVP Most Valuable Player
42%
TOTY Team of the Year
40%
Ps Pferdestärke
32%
ADAC Allgemeiner Deutscher Automobil-Club
31%
ADHS Aufmerksamkeitsdefizit-Hyperaktivitätsstörung
11%
CBD Cannabidiol
6%
MMORPG Massively Multiplayer Online Role-Playing Game
4%
MC Master of Ceremonies
3%
pH pondus Hydrogenii
2%
Keine übereinstimmenden Quizze gefunden
Verteilung der Resultate
Anzahl Personen mit jedem Resultat
Perzentil nach korrekt beantworteten Fragen
Ihre Resultats-Entwicklung
Sie haben dieses Quiz noch nicht gespielt